Months of the Year in Catalan - Statistics

General Stats
  • This quiz has been taken 82 times
  • The average score is 10 of 12
Answer Stats
Answer % Correct
Abril
98%
Agost
94%
Març
94%
Febrer
92%
Novembre
92%
Setembre
92%
Gener
86%
Juny
84%
Octubre
84%
Maig
82%
Juliol
73%
Desembre
69%
No matching quizzes found
Score Distribution
Percent of People with Each Score
Percentile by Number Answered
Your Score History
You have not taken this quiz